000 00424nam a2200169Ia 4500
999 _c955
_d955
020 _a0395390591
050 _aHF3506
_b.B76
100 1 _aBrown Betty J.
100 1 _aClow, John E.
245 1 0 _aOur business and economic world /
_cBrown, Betty J.
250 _a2nd ed.
260 _aOhio :
_bMacmillan,
_c1987.
300 _ax,662 p. :
_bill.
500 _aIncludes index
650 0 _aManagerial economics.
942 _cBK